Hospitality and tourism human relations management (Record no. 16765)

MARC details
000 -LEADER
fixed length control field 00477nam a2200169Ia 4500
008 - FIXED-LENGTH DATA ELEMENTS--GENERAL INFORMATION
fixed length control field 230917s9999||||xx |||||||||||||| ||und||
020 ## - ISBN
Price USD140
040 ## - CATALOGING SOURCE
-- 229355
Original cataloging agency VIVEKANANDA LIBRARY
041 ## - Language
-- English
082 ## - DDC NUMBER
Classification number 647.94068 V197M
100 ## - MAIN ENTRY--PERSONAL NAME
Personal name Vasilevich, Piotr, ed.
245 #0 - TITLE STATEMENT
Title Hospitality and tourism human relations management
260 ## - PUBLICATION, DISTRIBUTION, ETC. (IMPRINT)
Place of publication, distribution, etc New York
Name of publisher, distributor, etc Arcler Press
Date of publication, distribution, etc 2016
300 ## - PHYSICAL DESCRIPTION
Pages xi, 239 p.
500 ## - GENERAL NOTE
General note 2195 03/12/2015 PBA15/559 04/12/2015 IHTM (SFS)
942 ## - ADDED ENTRY ELEMENTS (KOHA)
Koha item type Books
Holdings
Withdrawn status Lost status Damaged status Not for loan Location (home branch) Sublocation or collection (holding branch) Shelving location Date acquired Koha issues (times borrowed) Koha full call number Accession No. Koha date last seen Koha item type
        VIVEKANANDA LIBRARY VIVEKANANDA LIBRARY IHTM Library 10/02/2016   647.94068 V197M 351010 17/09/2023 Books
© Designed and Maintained by Vivekananda Library, MDU Rohtak